| 000 | 00919nam2a22002171 4500 | ||
|---|---|---|---|
| 001 | v19\rc\1234502 | ||
| 005 | 20250617230840.0 | ||
| 035 | _a(NLR Aleph) 004394254 | ||
| 090 |
_a3793569 _c3793569 |
||
| 100 | _a20060306d1883 |||y0rusy50 ca | ||
| 101 | 0 | _arus | |
| 102 | _aRU | ||
| 105 | _ay z ||||| | ||
| 200 | 0 | _aВып. 1 | |
| 210 |
_d1883 _aБ. м. |
||
| 461 | 0 |
_1001v19\rc\1234501 _12001#$aЗаписки Московского общества улучшения скотоводства в России$eВып. 1$vВып. 1$90 _93793558 _aМосковское о-во улучшения скотоводства в России _cМосква _d1883 _oВып. 1 _tЗаписки Московского общества улучшения скотоводства в России _vВып. 1$90 |
|
| 801 | 0 |
_aRU _bNLR _gpsbo |
|
| 801 | 1 |
_aRU _bProSoft-M _2rusmarc |
|
| 852 |
_aNLR _j18.169.1.541 |
||
| 942 | _cBOOK | ||
| 980 | _aNB | ||